| 000 | 00522 a2200181 4500 | ||
|---|---|---|---|
| 999 |
_c182995 _d182995 |
||
| 005 | 20211214112014.0 | ||
| 010 | _aENG-130298 | ||
| 020 |
_c195.00 _a978-81-762-251-9 |
||
| 035 | _aEN-113830 | ||
| 037 | _bDBAD / PUB | ||
| 082 | _a658.4092 | ||
| 100 | _aVirmani, Rajnish | ||
| 245 |
_aYou Can Lead: _bRajnish Virmani |
||
| 260 |
_bFull Circle Publishing _c2013 _aNew Delhi |
||
| 270 |
_aJ-40, Jorbagh Lane _bNew Delhi _e110003 |
||
| 300 |
_a195p. _c19cm (pbk) |
||
| 942 |
_adpl _cEN _2ddc _h658.4092 _mRAJ |
||